000 00458nam a22001457a 4500
008 190702b ||||| |||| 00| 0 spa d
020 _a978-950-793-268-7
082 1 4 _214
_a324.2
100 1 _97634
_aLichtmajer, Leandro
245 1 0 _aLa polĂ­tica :
_bde las facciones a los partidos /
_cCoordinador Leandro Lichtmajer.
260 _aBuenos Aires :
_bImago Mundi,
_c2017.
300 _a272 p.
650 0 _2unescot
_91665
_aPARTIDO POLITICO
942 _2ddc
_cLIBRO
999 _c4783
_d4783
980 _82
_gVirginia Figueroa